000 00322nam a2200145Ia 4500
003 OSt
005 20240309112227.0
008 170524s9999 xx 000 0 und d
020 _aNIL
040 _cIIMT UNIVERSITY
100 _aGUPTA- R. P.
245 0 _aVAIDYUT MACHINE - I
260 _bBHARAT BHARTI
942 _2ddc
_c02
999 _c7727
_d7727